Fenomén žobrania v slovenských obciach
Sociologicko-právny pohľad na žobranie na verejne prístupných miestach, tak z hľadiska ústavnej koncepcie základných práv a slobôb ako aj z hľadiska samosprávnych oprávnení obcí vlastnou normotvorbou obmedzovať vyššie uvedené základné práva a slobody.
Guardado en:
| Autor principal: | |
|---|---|
| Formato: | Capítulo de libro |
| Lenguaje: | eslovaco |
| Materias: | |
| Etiquetas: |
Sin Etiquetas, Sea el primero en etiquetar este registro!
|
MARC
| LEADER | 00000naa a2200000 4500 | ||
|---|---|---|---|
| 001 | 0148148 | ||
| 005 | 20231208081951.1 | ||
| 041 | 0 | |a slo | |
| 044 | |a SK | ||
| 245 | 1 | 0 | |a Fenomén žobrania v slovenských obciach |c Jozef Tekeli |
| 520 | |a Sociologicko-právny pohľad na žobranie na verejne prístupných miestach, tak z hľadiska ústavnej koncepcie základných práv a slobôb ako aj z hľadiska samosprávnych oprávnení obcí vlastnou normotvorbou obmedzovať vyššie uvedené základné práva a slobody. | ||
| 610 | 2 | 0 | |a obce |
| 610 | 2 | 0 | |a právo správne |
| 610 | 2 | 0 | |a samospráva |
| 610 | 2 | 0 | |a ústava |
| 610 | 2 | 0 | |a ochrana osobnosti |
| 610 | 2 | 0 | |a chudoba |
| 610 | 2 | 0 | |a chudobní |
| 610 | 2 | 0 | |a núdza hmotná |
| 100 | 1 | |a Tekeli, Jozef | |